000 01108nam0a22002771 4500
001 v19\rc\1799081
005 20071130154049.3
035 _a(NLR Aleph) 004900664
090 _a5370950
_c5370950
100 _a20071130e19071907|||y0rusy50 ca
101 0 _arus
102 _aRU
105 _ay z |||||
200 1 _aСписок птиц С.-Петербургской губернии
_fВ. Бианки
210 _aСанкт-Петербург
_cтип. Имп. Акад. наук
_d1907
215 _a28 с.
_d24
311 _aОтт. из "Ежегодника Зоол. музея Имп. Акад. наук", т. 12, 1907
488 0 _12001#$aЕжегодник Зоологического музея Императорской Академии наук$v1907, т. 12
532 1 2 _aСписок птиц Санкт-Петербургской губернии
700 1 _aБианки
_bВ. Л.
_f1857-1920
_gВалентин Львович
801 0 _aRU
_bNLR
_gpsbo
801 0 _aRU
_bRuMoRGB
_2psbo
801 1 _aRU
_bProSoft-M
_2rusmarc
852 _aNLR
_j62-7/734
942 _cBOOK
980 _aNB